000 00690nam a2200229 a 4500
001 10457
003 BD-RjUL
005 20211208234945.0
008 170415s1959 nyuar 0 1 a0eng d
035 _a(BD-RjUL)10505
040 _aDLC
_beng
_cMnMULS
_dBD-RjUL
041 _aeng
082 0 4 _a546
_bPRO 1959
_223
245 0 0 _aProgress in inorganic chemistry /
_cF. Albert Cotton
260 _aNew York :
_bWiley,
_cc1959.
300 _aV. :
_bill. ;
_c24 cm.
500 _aIncludes index.
505 _aV.-1-- V. 2 -- V. 3 -- V. 4 -- V. 5 -- V. 6 -- V. 7 -- V. 8 --V. 9-- V. 10 --V. 11--
650 0 _aChemistry, Inorganic
_9425
700 1 _aCotton, F. Albert
_928143
942 _2ddc
_cBK
999 _c10457
_d10457